000 00870nam a2200277 i 4500
001 bg
100 1 _aMOZYRSKA, Dorota
245 1 0 _aRównania różniczkowe zwyczajne :
_bmetody klasyczne i metoda operatorowa /
_cDorota Mozyrska, Ewa Pawłuszewicz, Rajmund Stasiewicz.
250 _aWyd.3 uzup.
260 _aBiałystok :
_bDział Wydawnictw i Poligrafii PB,
_c2001.
300 _a[2], 186 s. :
_bil. ;
_c23 cm.
500 _aNa s. 4 okł. błędny ISBN.
504 _aBibliogr. - Indeks.
650 9 _aRównania różniczkowe
655 _aPodręczniki akademickie
700 1 _aPAWŁUSZEWICZ, Ewa
700 1 _aSTASIEWICZ, Rajmund
710 0 _aPolitechnika Białostocka
020 _a8388229206
040 _cBPK
041 0 _apl
080 _a517.2(075.8)
920 _a83-88229-20-6
942 _cKS
008 s pl f |000 0 pol
999 _c42446
_d42446
856 _uhttp://koha.tu.koszalin.pl/cgi-bin/koha/opac-detail.pl?biblionumber=42446
_yKatalog online BPK